广东省地图点选 Guangdong Click Map - Statistics

General Stats
  • This quiz has been taken 33 times
  • The average score is 16 of 21
Answers on the Map
Answers color-coded by a green-red scale on the quiz's map according to % correct below.
 
Answer Stats
Answer % Correct
广州市
91%
韶关市
91%
深圳市
87%
珠海市
87%
湛江市
87%
汕头市
83%
佛山市
83%
惠州市
83%
梅州市
83%
东莞市
83%
茂名市
78%
江门市
74%
肇庆市
74%
汕尾市
74%
河源市
74%
中山市
74%
云浮市
74%
阳江市
70%
潮州市
65%
清远市
61%
揭阳市
61%
No matching quizzes found
Score Distribution
Percent of People with Each Score
Percentile by Number Answered
Your Score History
You have not taken this quiz